Logo Quiz II - Statistics

General Stats
  • This quiz has been taken 2,705 times
  • The average score is 14 of 15
Answer Stats
Picture Answer % Correct
Pepsi
97%
Pizza Hut
97%
Adidas
96%
Ford
96%
BMW
95%
Toyota
95%
Shell
94%
Walmart
91%
Windows
91%
Ebay
90%
Hewlett Packard
90%
Skype
88%
Sony
86%
Intel
74%
NBC
71%
No matching quizzes found
Score Distribution
Percent of People with Each Score
Percentile by Number Answered
Your Score History
You have not taken this quiz